Statistics for População do Distrito de Leiria por ordem

Click here to take the quiz!

General Stats

  • This quiz has been taken 7 times
  • The average score is 8 of 16

Answer Stats

HintAnswer% Correct
128 603 hab.Leiria
100%
54 965 hab.Alcobaça
86%
50 910 hab.Caldas da Rainha
71%
51 170 hab.Pombal
71%
11 642 hab.Ansião
57%
39 024 hab.Marinha Grande
57%
15 557 hab.Batalha
43%
14 881 hab.Nazaré
43%
3 390 hab.Pedrógão Grande
43%
26 429 hab.Peniche
43%
6 238 hab.Alvaiázere
29%
12 746 hab.Bombarral
29%
2 645 hab.Castanheira de Pêra
29%
5 281 hab.Figueiró dos Vinhos
29%
11 922 hab.Óbidos
29%
23 202 hab.Porto de Mós
29%

Score Distribution

Percentile by Number Answered

Percent of People with Each Score

Your Score History

You have not taken this quiz